| 000 -LEADER |
| fixed length control field |
00340nam a2200121Ia 4500 |
| 008 - FIXED-LENGTH DATA ELEMENTS--GENERAL INFORMATION |
| fixed length control field |
260210s9999 xx 000 0 und d |
| 020 ## - INTERNATIONAL STANDARD BOOK NUMBER |
| International Standard Book Number |
9783869227337 |
| 082 ## - DEWEY DECIMAL CLASSIFICATION NUMBER |
| Classification number |
624.171 |
| 100 ## - MAIN ENTRY--PERSONAL NAME |
| Personal name |
Babaev |
| 245 #0 - TITLE STATEMENT |
| Title |
Rational Design Of Structural Building Systems: Construction And Engineering Manual |
| 260 ## - PUBLICATION, DISTRIBUTION, ETC. (IMPRINT) |
| Name of publisher, distributor, etc |
DOM Publishers |
| 942 ## - ADDED ENTRY ELEMENTS (KOHA) |
| Item type |
UG Books |
| Source of classification or shelving scheme |
|